Normal view
MARC view
- Zumel N. & Mount J
Entry Personal Name
001 - CONTROL NUMBER
- control field: 198903
003 - CONTROL NUMBER IDENTIFIER
- control field: OSt
005 - DATE AND TIME OF LATEST TRANSACTION
- control field: 20230714215532.0
008 - FIXED-LENGTH DATA ELEMENTS
- fixed length control field: 230714|| aca||aabn | a|a d
040 ## - CATALOGING SOURCE
- Original cataloging agency: OSt
- Transcribing agency: OSt
100 ## - HEADING--PERSONAL NAME
- Personal name: Zumel N. & Mount J
670 ## - SOURCE DATA FOUND
- Source citation: Work cat.: (OSt)217557: Zumel N. 198902, Practical Data Science With R, 2014